Disraeli : (Record no. 193988)

000 -LEADER
fixed length control field 01165 a2200157 4500
003 - CONTROL NUMBER IDENTIFIER
control field NUST
005 - DATE AND TIME OF LATEST TRANSACTION
control field 20230131135807.0
040 ## - CATALOGING SOURCE
Transcribing agency Nust
082 ## - DEWEY DECIMAL CLASSIFICATION NUMBER
Classification number 941,MAU
100 ## - MAIN ENTRY--PERSONAL NAME
Personal name Maurois, Andre
9 (RLIN) 50168
245 ## - TITLE STATEMENT
Title Disraeli :
Remainder of title A Picture of the Victorian Age /
Statement of responsibility, etc. Andre Maurois
260 ## - PUBLICATION, DISTRIBUTION, ETC.
Place of publication, distribution, etc. London
Name of publisher, distributor, etc. John lane
Date of publication, distribution, etc. 1944
300 ## - PHYSICAL DESCRIPTION
Extent 334 .;
505 ## - FORMATTED CONTENTS NOTE
Formatted contents note PART-1: Two Generations (Page-1), Schools (Page-7) Brummell and Saint Ignatius (Page-16), Business (Page-24), Retreat (Page-37), Pilgrimage (Page-44), Doctrines (Page-51), The Conquest of London (Page-60), Independent (Page-70), Women (Page-78), The Badge of a Party (Page-85), M. P. (Page-92), PART-2: The Maiden Speech (Page-105), Weddings (Page-117), Mary Anne (Page-128), The Right Honourable Baronet (Page-135), Young England (Page-147), The Oak and the Reed (Page-156), Obstacles (Page-185), Mr. Gladstone’s Cruel Duty (Page-194), The Top of the Greasy Pole (Page-212), The Queen (Page-223), Mourning (Page-233), A Cloud of Grandmothers (Page-245), The Chief (Page-251), The Chief (Page-251), Action (Page-260), The Outer World (Page-307), his Favorite Flower (Page-317).
942 ## - ADDED ENTRY ELEMENTS (KOHA)
Source of classification or shelving scheme
Koha item type Book
Call number prefix 941,MAU
Holdings
Withdrawn status Lost status Source of classification or shelving scheme Damaged status Not for loan Permanent Location Current Location Shelving location Date acquired Full call number Barcode Date last seen Price effective from Koha item type Public note
          Military College of Signals (MCS) Military College of Signals (MCS) General Stacks 12/12/2016 941,MAU MCS29231 12/08/2016 12/12/2016 Book Almirah No.60, Shelf No.4
© 2023 Central Library, National University of Sciences and Technology. All Rights Reserved.